000 00725cab a2200229 4500
001 W3699
008 090401t1993 xxu||||| |||| 00| 0 eng d
035 _a(Sirsi) u63395
041 _aeng
245 _aRICS waives CPII in oil industry
260 _c1993
350 _a0
490 _aCS Monthly : Land and Hydrographic Survey
_v2(4) January 1993, 3(1)
520 _aRICS compulsory professional indemnity insurance regulations have been waived in the case of land and hydrographic surveyors working on behalf of oil companies.
650 _aCPII
650 _aHYDROGRAPHIC SURVEYORS
650 _aLAND SURVEYORS
650 _aOIL EXPLORATION
690 _aInsurance
_96249
942 _n0
948 _c04/03/1997
999 _c39405
_d39405